MARC

LEADER 00000nam0a2200000 4500
001 151368
005 20231101221544.0
035 |a (RuTPU)RU\TPU\book\164112 
090 |a 151368 
100 |a 20090122d1986 m y0rusy50 ca 
101 0 |a rus 
102 |a RU 
105 |a a z 001zy 
200 1 |a Поиски и открытия  |f Е. М. Кляус  |g под ред. М. М. Сущинского 
210 |a Москва  |c Наука  |d 1986 
215 |a 176 с.  |c ил. 
225 1 |a История науки и техники 
320 |a Библиогр. в примеч. в конце ст. 
600 1 |a Френель  |b О. Ж.  |c французский физик  |c один из основоположников волновой оптики  |f 1788-1827  |g Огюстен Жан  |2 stltpush  |3 (RuTPU)RU\TPU\pers\11  |9 9 
600 1 |a Максвелл  |g Джеймс Клерк  |b Дж. К.  |c английский физик  |c создатель классической электродинамики  |f 1831-1879  |2 stltpush  |3 (RuTPU)RU\TPU\pers\287 
600 1 |a Герц (Херц)  |b Г. Р.  |c немецкий физик  |f 1857-1894  |g Генрих Рудольф  |2 stltpush  |3 (RuTPU)RU\TPU\pers\15591  |9 5402 
600 1 |a Лебедев  |g Петр Николаевич  |b П. Н.  |c российский физик  |f 1866-1912  |2 stltpush  |3 (RuTPU)RU\TPU\pers\769 
600 1 |a Планк  |g Макс  |b М.  |c немецкий физик  |f 1858-1947  |2 stltpush  |3 (RuTPU)RU\TPU\pers\1580 
600 1 |a Эйнштейн  |g Альберт  |b А.  |c немецкий физик-теоретик  |c Нобелевский лауреат  |f 1879-1955  |2 stltpush  |3 (RuTPU)RU\TPU\pers\817 
600 1 |a Юнг  |g Янг Томас  |b Я. Т.  |f 1773-1829  |c английский учёный  |c врач, один из основоположников волновой теории света  |2 stltpush  |3 (RuTPU)RU\TPU\pers\1096 
610 1 |a физическая наука 
610 1 |a история 
610 1 |a поиски 
610 1 |a открытия 
610 1 |a волны 
610 1 |a кванты 
675 |a 53(092)  |v 3 
700 1 |a Кляус  |b Е. М.  |g Евгений Михайлович 
702 1 |a Сущинский  |b М. М.  |4 340 
801 1 |a RU  |b 63413507  |c 20090122  |g PSBO 
801 2 |a RU  |b 63413507  |c 20160422  |g RCR 
942 |c BK